Hades II Boons - Statistics

General Stats
  • This quiz has been taken 5 times
  • The average score is 41 of 161
Answer Stats
Hint Answer % Correct
Cast Anvil Ring
100%
Gain Born Gain
75%
Gain Cardio Gain
75%
Double Strike
75%
Special Flutter Flourish
75%
Attack Flutter Strike
75%
Gain Glamour Gain
75%
Gain Grisly Gain
75%
Special Ice Flourish
75%
Attack Ice Strike
75%
Rush Passion Rush
75%
Sea Star
75%
Cast Tidal Ring
75%
Legendary All Together
50%
Apollo/Poseidon Beach Ball
50%
Rush Blinding Rush
50%
Buried Treasure
50%
Cast Engagement Ring
50%
Special Flame Flourish
50%
Attack Flame Strike
50%
Gain Flood Gain
50%
Hydraulic Might
50%
Gain Ionic Gain
50%
Zeus/Hera King's Ransom
50%
Lightning Lance
50%
Light Smite
50%
Rush Nexus Rush
50%
Special Nova Flourish
50%
Attack Nova Strike
50%
Hera/Zeus Queen's Ransom
50%
Cast Rapture Ring
50%
Legendary Sanguinary Savor
50%
Legendary Shocking Loss
50%
Cast Solar Ring
50%
Steady Growth
50%
Cast Storm Ring
50%
Cast Sword Ring
50%
Rush Thunder Rush
50%
Gain Tough Gain
50%
Gain Tranquil Gain
50%
Special Vicious Flourish
50%
Attack Vicious Strike
50%
Special Volcanic Flourish
50%
Attack Volcanic Strike
50%
Special Wave Flourish
50%
Attack Wave Strike
50%
Infusion Air Quality
25%
Arctic Gale
25%
Cast Arctic Ring
25%
Back Burner
25%
Hephaestus/Hera Brave Face
25%
Broken Resolve
25%
Aphrodite/Hestia Burning Desire
25%
Aphrodite/Ares Carnal Pleasure
25%
Cut Above
25%
Apollo/Ares Cutting Edge
25%
Divine Vengeance
25%
Extra Dose
25%
Legendary Fire Away
25%
Flash Fry
25%
Infusion Frosty Veneer
25%
Furnace Blast
25%
Glowing Coal
25%
Grievous Blow
25%
Demeter/Zeus Hail Storm
25%
Healthy Rebound
25%
Aphrodite/Demeter Hearty Appetite
25%
Heavy Metal
25%
Hereditary Bane
25%
Hot Pot
25%
Aphrodite/Poseidon Island Getaway
25%
Poseidon/Zeus Killer Current
25%
Legendary King Tide
25%
Aphrodite/Hephaestus Love Handles
25%
Gain Lucid Gain
25%
Demeter/Poseidon Natural Selection
25%
Legendary Nervous Wreck
25%
Perfect Image
25%
Prominence Flare
25%
Infusion Proper Upbringing
25%
Infusion Rallying Cry
25%
Secret Crush
25%
Security System
25%
Hephaestus/Poseidon Seismic Servo
25%
Infusion Self Healing
25%
Shameless Attitude
25%
Cast Smolder Ring
25%
Spiritual Affirmation
25%
Static Shock
25%
Apollo/Hera Sun Worshipper
25%
Super Nova
25%
Sweet Surrender
25%
Special Sworn Flourish
25%
Attack Sworn Strike
25%
Hestia/Zeus Thermal Dynamics
25%
Apollo/Demeter Tropical Cyclone
25%
Uncommon Grace
25%
Ares/Hera Universal Donor
25%
Visceral Impact
25%
Apollo/Hestia Warm Breeze
25%
Infusion Water Fitness
25%
Legendary Winter Harvest
25%
Infusion Wispy Wiles
25%
Arc Flash
0%
Ares/Poseidon Arterial Spray
0%
Blood Spree
0%
Rush Breaker Rush
0%
Bridal Glow
0%
Hephaestus/Hestia Chain Reaction
0%
Demeter/Hera Cherished Heirloom
0%
Ares/Hephaestus Coffin Nail
0%
Cold Storage
0%
Demeter/Hephaestus Cryo Pounder
0%
Dazzling Display
0%
Dying Wish
0%
Aphrodite/Hera Ecstatic Obsession
0%
Electric Overload
0%
Legendary Exceptional Talent
0%
Extended Family
0%
Fine Line
0%
Ares/Hestia Fourth Degree
0%
Demeter/Hestia Freezer Burn
0%
Rush Frigid Rush
0%
Geyser Spout
0%
Apollo/Zeus Glorious Disaster
0%
Grand Caldera
0%
Heart Breaker
0%
Rush Heat Rush
0%
Special Heaven Flourish
0%
Attack Heaven Strike
0%
Ares/Zeus Heinous Affront
0%
Highly Flammable
0%
High Surf
0%
Ares/Demeter Hostile Environment
0%
Hera/Hestia Incandescent Aura
0%
Local Climate
0%
Infusion Martial Art
0%
Hephaestus/Zeus Master Conductor
0%
Meat Grinder
0%
Molten Touch
0%
Mutual Destruction
0%
Ocean Swell
0%
Plentiful Forage
0%
Power Surge
0%
Legendary Premium Service
0%
Profuse Bleeding
0%
Pyro Technique
0%
Hera/Poseidon Ripple Effect
0%
Aphrodite/Zeus Romantic Spark
0%
Rousing Reception
0%
Apollo/Hephaestus Rude Awakening
0%
Hestia/Poseidon Scalding Vapor
0%
Slippery Slope
0%
Infusion Slow Cooker
0%
Rush Smithy Rush
0%
Snuffed Candle
0%
Rush Stabbing Rush
0%
Aphrodite/Apollo Sunny Disposition
0%
Trusty Shield
0%
Uncanny Fortitude
0%
Weed Killer
0%
No matching quizzes found
Score Distribution
Percent of People with Each Score
Percentile by Number Answered
Your Score History
You have not taken this quiz